guess the stable smp characters - Statistics

General Stats
  • This quiz has been taken 9 times
  • The average score is 13 of 15
Answer Stats
Question Answer % Correct
what is the worst player on the stable smp blight
100%
what is the leader of the law on the stable smp cabbagek
100%
what is flamefrags best friend on the stable smp comedy
100%
what is flamefrags real name on the stable smp fire fragments
100%
who is the shovel master on the stable smp maneapple
100%
what is parrots real name on the stable smp penguinx2
100%
who is wemmbus best friend on the stable smp snowballchan
100%
what is the real name of spoke on the stable smp spoke is not here
100%
what is parrots best friend on the stable smp theobaldthenerd
100%
what is wemmbus real name on the stable smp wemmboo
100%
what is the name of the shovel the manepear uses apple slicer
86%
what is the most common name on the stable smp coolkid
86%
whos spokes second best friend on the stable smp jumper how
57%
who is the strongest player on the stable smp snowballchan
57%
who cheats on the stable smp theobaldthenerd
43%
No matching quizzes found
Score Distribution
Percent of People with Each Score
Percentile by Number Answered
Your Score History
You have not taken this quiz